MDQL
is popping MORE tags! Check the
thread
!
Quizzes
Events
Quiz Creation
Community
Videos
Private Events
Remove Ads
Sign In
Join for FREE
Feedback
Dark Mode
Quiz Categories
Sports
Geography
Music
Movies
Television
Just For Fun
Miscellaneous
History
Literature
Language
Science
Gaming
Entertainment
Religion
Holiday
For Kids
Quiz Lab
Recent
Popular Today
Quiz Kudos Today
Editor Picks
Curator Picks
Quizzes by...
Day
Popularity
Type
Ratings
Length
Year
Community
Subscriptions
Recent Discussions
Orange Saloon
Badges
Playlists
Quests
Create
Leaderboards
Showdown
Live 5
Trivia Bingo
Activity
Puzzle Library
Sporcle Events
Private Events
Virtual Trivia
Globe League
Become a Host
Pub Owners
SporcleCon
Opinionation
Our Games
Videos
Blog
Mobile Apps
Partnerships
Remove Ads and Go Orange
Feedback
Sports
Athletes
MLB
NBA
NHL
NFL
Soccer
Sports Teams
WWE
NCAA
Football
Premier League
Basketball
Baseball
Hockey
Golf
Tennis
Cricket
Rugby
Auto Racing
Olympics
World Cup
Sports
Athletes
MLB
NBA
NHL
NFL
Soccer
Sports Teams
WWE
NCAA
Football
Premier League
Basketball
Baseball
Hockey
Golf
Tennis
Cricket
Rugby
Auto Racing
Olympics
World Cup
Random Quiz
Search Sporcle
×
Quiz Lab
Quiz Lab
Sports
WWE
Type in answers that appear in a list
Type in answers that appear in a list
Classic
Best Score? Go Orange.
Red Rooster/Terry Taylor NWA/WCW/WWE PPV Opponents Stats
Can you name NWA/WCW/WWE pay-per-view opponents of Terry Taylor aka The Red Rooster?
By
Gorms316
6m
31 Questions
136 Plays
136 Plays
136 Plays
Comments
Comments
Give Quiz Kudos
Give Quiz Kudos
-
- Ratings
hide this ad
Replay
Link that replays current quiz
Next Quiz
Link to next quiz in quiz playlist
You Got
0%
They Got
Avg Score
61%
Avg Friend Score
Upgrade to see
Score Distribution
Jump to the score distribution portion of the page
Score
0/31
Timer
06:00
0
Plays Today
PPV
Opponent
% Correct
WWE Survivor Series 1988
Hulk Hogan
96.3%
WWE Royal Rumble 1990 (winner)
Hulk Hogan
96.3%
WWE Survivor Series 1988
Randy Savage
88.2%
WWE Royal Rumble 1989 (winner)
Big John Studd
80.9%
WWE SummerSlam 1989
Mr. Perfect
77.2%
WWE Survivor Series 1988
Hercules
75.7%
WWE Survivor Series 1988
Koko B. Ware
72.1%
WWE Survivor Series 1988
Hillbilly Jim
71.3%
WCW Great American Bash 1991
Bobby Eaton
71.3%
WCW Halloween Havoc 1991
Bobby Eaton
71.3%
WCW Starrcade 1991
Arn Anderson
70.6%
WWE Royal Rumble 1993 (winner)
Yokozuna
69.9%
WCW SuperBrawl I
Dustin Rhodes
69.1%
WWE WrestleMania V
Bobby Heenan
68.4%
WWE Survivor Series 1989
Big Boss Man
68.4%
WWE Survivor Series 1989
Bad News Brown
66.9%
PPV
Opponent
% Correct
WCW WrestleWar 1992
Jimmy Garvin
66.9%
WCW WrestleWar 1992
Michael Hayes
65.4%
WWE Survivor Series 1989
Honky Tonk Man
64%
WWE Survivor Series 1989
Rick Martel
63.2%
WCW WrestleWar 1991
Tom Zenk
61%
WCW Starrcade 1991
Lex Luger
59.6%
NWA Starrcade 1987
Nikita Koloff
52.9%
NWA Starrcade 1990
Michael Wallstreet
52.2%
WCW Beach Blast 1992
Ron Simmons
52.2%
WCW SuperBrawl II
Marcus Bagwell
39%
WCW Great American Bash 1991
P.N.News
36%
WCW SuperBrawl IV
Diamond Dallas Page
30.1%
NWA Starrcade 1985
Buddy Landel
29.4%
NWA Halloween Havoc 1990
Bill Irwin
14.7%
NWA TNA Weekly PPV #62
Kid Kash
5.9%
Quiz Playlist
Details
Report
Send in Message
Add To Playlist
Classic:
Type in answers that appear in a list
Last Updated: Feb 16, 2017
Quiz Scoreboard
CHALLENGE
Sign Up to Join the Scoreboard
Show All
Scores
Hide
Comments
May contain spoilers
Recently Published
Colored Red Africa Blitz
by spor1
Geography
30s
Find the 'City' Movie
by crazypaving
Movies
60s
5x2 Blitz: Bands
by SL_Kpop136
Music
30s
More to Explore
Quiz From the Vault
Featured Blog Post
14 Easter Pick-up Lines to Find Eggs With
hide this ad
You Might Also Like...
Tags
WWE Quiz
aka
NWA
opponent
Pay-per-view
PPV
Red
Rooster
Terry
WCW
Today's Top Quizzes in Sports
Browse Sports
hide this ad
Today's Top Quizzes in WWE
Browse WWE
Top Contributed Quizzes in Sports
1
Les meilleurs buteurs des matchs entre le PSG et l’OM
2
Les entraîneurs de l'OM et du PSG au 21e siècle
3
Les joueurs passés par le PSG et l'OM
4
2022 World Cup Stars
5
Players with Multiple 50 Home Run Seasons
6
Criteria MLB: Left Handed Sluggers
7
MLB Players with Two .350 Batting Average Seasons
8
Les joueurs passés par le LOSC et le RC Lens
9
NBA Logic Puzzle 2.0
10
Top 10 NHL Goal Scorers of All Time
Explore More
Trending Topics
NBA
Crossword
Kpop
Disney
Marvel
Anime
Harry Potter
NFL
Soccer
Pokémon
WWE
Country
Song
The Office
Puzzle
hide this ad
More By:
Gorms316
Quiz
Plays
Rating
Category
Featured
Created
Deceased WWE SummerSlam Competitors
8,508
4.60
Sports
Aug 10, 2015
WWE Champions - Days With Title
707
4.50
Sports
May 2, 2010
Wrestling Observer's Worst Rated WWF/WWE Matches
564
3.67
Sports
Jun 22, 2018
Most PWI 500 Selections
393
5.00
Sports
Aug 11, 2015
Detroit Tigers Games Played
381
4.33
Sports
Apr 20, 2010
Go to Creator's Profile
Score Distribution
Quiz Creator Spotlight
Gorms316
Follow
Send a Message
Quizzes Created
-
Created Quiz Play Count
-
More By This Creator
Popular Quizzes Today
1
Colored Red Africa Blitz
2
Find the US States - No Outlines Minefield
3
Find the 'City' Movie
4
5x2 Blitz: Bands
5
The Countries of the World
6
Find the US States
7
Find the Countries of Europe - No Outlines Minefield
8
US States
More Sports Quizzes
Kevin Pietersen's Partners in Century Test Stands
Quiz Lab
Trending Quizzes
Colored Red Europe Blitz I
Colored Red Europe Blitz II
Colored Red Africa Blitz II
Colored Red Europe Blitz III
Colored Red Africa Blitz III
Recently Updated
How Do You Spell That?
pecheneg
Godzilla Movies
pecheneg
Grab Bag: 4-10 Letters
pecheneg
2024 March Madness Bracket
pecheneg
Famous TV Couples
Peacemaker
Champions League XIs: Real Madrid
pecheneg
Largest US Cities 1790-2010
pecheneg
Rides in Walt Disney World
pecheneg
Most Oscar Losses (Acting)
pecheneg
Beyoncé Albums
pecheneg
Trending Topics
Anime
Kpop
Marvel
NBA
Harry Potter
Disney
Crossword
WWE
The Office
NFL
Pokémon
Puzzle
Soccer
Country
Song
Your Account Isn't Verified!
In order to create a playlist on Sporcle, you need to verify the email address you used during registration. Go to your
Sporcle Settings
to finish the process.
Report this User
Report this user for behavior that violates our
Community Guidelines
.
Details:
Send Report
Go to the Sporcle.com Mobile Site →
Comments